00366nam a2200121Ia 4500008004100000040001700041041001200058082002200070100002600092245007200118260003300190300002100223230917s9999||||xx |||||||||||||| ||und|| e212624aMAIN aEnglish a660.6024574 M576M aMeyers, Robert A, ed. 0aMolecular biology and biotechnology: A comprehensive desk reference aNew DelhibWiley Indiac2011 axxxviii, 1034 p.